000 00618nam a2200181Ia 4500
008 090630s9999 xx 000 0 und d
082 _b21617
100 _aवर्मा प्रदीप.
245 _aकाश्मिरचा तिढा.
_cवर्मा प्रदीप.
260 _bडिंपल - वसई.
_c2002
300 _a207
600 _aवर्मा प्रदीप.
630 _aकाश्मिरचा तिढा.
655 _aइतर.
700 _aवर्मा प्रदीप.
730 _aकाश्मिरचा तिढा.
942 _cBOOK
999 _c273473
_d273473